000 00555nam a2200193Ia 4500
001 39310
008 140423s9999 xx 000 0 und d
020 _a9781416561996
040 _cPK-LaUMT
082 _a 658.409
_bASS-A
100 _aAssaraf, John
245 4 _aThe answer
_bgrow any business, achieve financial freedom, and live an extraordinary life
_cAssaraf, John<>Smith, Murray
260 _aNew York,USA:
_bAtria Books,
_c2008
300 _a305 p.
546 _aEN
650 _aSuccess in business
700 _aSmith, Murray
942 _cBK
999 _c38620
_d38620